Asian Marvel Heroes by Picture - Statistics

General Stats
  • This quiz has been taken 21 times
  • The average score is 16 of 39
Answer Stats
Picture Answer % Correct
Jubilee
89%
Shang-Chi
89%
Amadeus Cho
72%
Ancient One
72%
Armor
72%
Psylocke/Kwannon
72%
Hazmat
67%
Hiro
67%
Silk
67%
Wong
67%
Luna Snow
61%
Sunfire
61%
Sunfire (Mariko Yashida)
61%
GoGo
50%
Jimmy Woo
50%
Karma
50%
Colleen Wing
44%
Mantis
44%
SP//dr
44%
Aero
39%
J2
39%
White Fox
39%
Yukio
39%
Crescent
28%
Surge
28%
Sword Master
28%
Wave
28%
Bride of Nine Spiders
22%
Fat Cobra
22%
Tiger‘s Beautiful Daughter
22%
Dog Brother
17%
Jolt
17%
Monica Chang
17%
Silhouette
17%
Haechi
11%
Puck (Zuzha Yu)
11%
Sway
6%
Taegukgi
6%
Turbo
6%
No matching quizzes found
Score Distribution
Percent of People with Each Score
Percentile by Number Answered
Your Score History
You have not taken this quiz